Statistics for 2019 Collingwood Magpies Guernsey Numbers

Click here to take the quiz!

General Stats

  • This quiz has been taken 59 times
  • The average score is 22 of 46

Answer Stats

No.Player name% Correct
2Jordan De Goey
97%
4Brodie Grundy
89%
1Jaidyn Stephenson
86%
10Scott Pendlebury
83%
22Steele Sidebottom
77%
7Adam Treloar
71%
5Jamie Elliott
71%
30Darcy Moore
69%
38Jeremy Howe
66%
46Mason Cox
66%
24Josh Thomas
63%
17Callum L. Brown
60%
3Daniel Wells
60%
25Jack Crisp
60%
13Taylor Adams
57%
6Tyson Goldsack
57%
23Jordan Roughead
54%
37Brayden Maynard
51%
8Tom Langdon
51%
32Will Hoskin-Elliott
51%
20Ben Reid
49%
16Chris Mayne
49%
14James Aish
49%
26Josh Daicos
49%
11Dayne Beams
46%
36Brayden Sier
43%
41Brody Mihocek
43%
33Rupert Wills
43%
18Travis Varcoe
43%
19Levi Greenwood
40%
12Matthew Scharenberg
40%
21Tom Phillips
40%
35Isaac Quaynor
37%
15Lynden Dunn
34%
9Sam Murray
31%
28Nathan Murphy
29%
39Ben Crocker
26%
31Flynn Appleby
26%
44Jack Madgen
26%
34Tyler Brown
26%
29Tim Broomhead
23%
27Will Kelly
23%
43Anton Tohill
20%
45Max Lynch
17%
40Atu Bosenavulagi
14%
47Mark Keane
14%

Score Distribution

Percentile by Number Answered

Percent of People with Each Score

Your Score History

You have not taken this quiz